000 00544nam a2200217Ia 4500
005 20250425161157.0
008 250425s9999 xx 000 0 und d
020 _a0133771938
041 _aeng
082 _a621.3815
100 _aCOWAN, SAM
245 0 _aHANDBOOK OF DIGITAL LOGIC: WITH PRACTICAL APPLICATIONS
250 _a1ST ED.
260 _aENGLEWOOD
260 _aEstados Unidos
_bPRENTICE HALL
_c1985
300 _a309
650 _aCIRCUITOS LOGICOS
650 _aELECTRONICA DIGITAL
942 _c01
010 _a14418
999 _c203947
_d203947